000 00575nam a2200217Ia 4500
003 OSt
005 20220926012001.0
006 a|||||r|||| 00| 0
007 ta
008 220923b |||||||| |||| 00| 0 eng d
037 _cGeneral Book
040 _aRTL
_cRTL
_beng
041 _2eng
_aeng
082 _aX:3M24, L3/SC
100 _aGORZ Andre
_922362
245 0 _aSocialism and revolution.
260 _aNew York
_bAnchor Books
_c1973
300 _avi,270p.
_ccm.
942 _hX:3M24, L3/SC
_cGB
_2CC
999 _c621426
_d621426